Administración
Uloženo v:
| Hlavní autoři: | , |
|---|---|
| Médium: | Kniha |
| Jazyk: | španělština |
| Vydáno: |
Ciudad de México
Pearson Educación
2005
|
| Vydání: | 8a. ed |
| Témata: | |
| Tagy: |
Přidat tag
Žádné tagy, Buďte první, kdo vytvoří štítek k tomuto záznamu!
|
MARC
| LEADER | 00000cam a2200000 a 4500 | ||
|---|---|---|---|
| 001 | UCK3032 | ||
| 003 | CL-VaPUC | ||
| 005 | 20241104151500.0 | ||
| 008 | 050408e20050000MX |||||||||||||||||spa|d | ||
| 999 | |c 312378 |d 312376 | ||
| 020 | |a 9702605555 | ||
| 040 | |c Pontificia Universidad Católica de Valparaíso | ||
| 082 | 0 | 4 | |a 658 |b ROB |2 21 |
| 100 | 0 | |a Robbins, Stephen P |e author |9 491069 | |
| 245 | 1 | 0 | |a Administración |
| 250 | |a 8a. ed | ||
| 260 | |a Ciudad de México |b Pearson Educación |c 2005 | ||
| 300 | |a 614 p | ||
| 583 | |a last modification |c 20170223 01:54:14 |k Rodrigo Vera | ||
| 650 | 0 | |a Gestión de empresas |9 433832 | |
| 650 | 0 | |a Ética empresarial |9 428363 | |
| 650 | 0 | |a Toma de decisiones |9 257530 | |
| 650 | 0 | |a Psicología de las organizaciones |9 408273 | |
| 650 | 0 | |a Gestión de empresas |9 893091 |x Organigramas | |
| 700 | 0 | |a Coulter, Mary |e author |9 491070 | |
| 942 | |c BK |2 ddc | ||
| 945 | |d 20050408 00:00:00 |a cmena | ||
| 952 | |0 0 |1 0 |4 0 |6 658_000000000000000_ROB_2005 |7 0 |8 R |9 382683 |a BIBENE |b BIBENE |d 2019-11-21 |i 4109562 |o 658 ROB 2005 |p 4109562 |r 2025-01-15 |w 2019-11-21 |y BK_R |k ICO | ||
| 952 | |0 0 |1 0 |4 0 |6 658_000000000000000_ROB_2005 |7 0 |8 R |9 382684 |a BIBENE |b BIBENE |d 2019-11-21 |i 4109570 |o 658 ROB 2005 |p 4109570 |r 2025-01-15 |w 2019-11-21 |y BK_R |k ICO | ||
| 952 | |0 0 |1 0 |4 0 |6 658_000000000000000_ROB_2005 |7 0 |8 R |9 382685 |a BIBENE |b BIBENE |d 2019-11-21 |i 4172736 |o 658 ROB 2005 |p 4172736 |r 2025-01-15 |w 2019-11-21 |y BK_R |k ICO | ||
| 952 | |0 0 |1 0 |3 erb |4 0 |6 658_000000000000000_ROB_2005 |7 0 |8 R |9 382686 |a BIBENE |b BIBENE |i 5327431 |o 658 ROB 2005 |p 5327431 |r 2025-01-15 |w 2019-11-21 |y BK_R |z Catalogado en:20170226 |k ICO | ||